[Event "Pardubice Open A"]
[Site "?"]
[Date "2015.07.25"]
[Round "2.8"]
[White "STOCEK, Jiri"]
[Black "MARTYNOV, Pavel"]
[Result "1/2-1/2"]
[WhiteElo "2573"]
[BlackElo "2385"]
[PlyCount "105"]
[EventDate "2015.??.??"]
[WhiteClock "0:03:39"]
[BlackClock "0:15:32"]

1. c4 Nf6 2. Nc3 g6 3. d4 Bg7 4. e4 d6 5. h3 O-O 6. Be3 e5 7. d5 Na6 8. Nf3 c6
9. g4 cxd5 10. cxd5 Bd7 11. Nd2 Ne8 12. Rg1 Kh8 13. Bb5 Bxb5 14. Nxb5 Nc5 15.
Qc2 Qd7 16. a4 a6 17. Nc3 Qc7 18. b4 Nd7 19. Rc1 Rc8 20. Qb1 Qd8 21. Ke2 Qe7
22. g5 f6 23. h4 fxg5 24. hxg5 Rf7 25. Na2 Rb8 26. Rc3 Bf8 27. Qc2 Ng7 28. Rc8
Rxc8 29. Qxc8 Nh5 30. Qxb7 Nf4+ 31. Kd1 Qe8 32. Qxa6 Nb8 33. Qb5 Qc8 34. Nc1
Kg8 35. Bxf4 exf4 36. Nd3 Rb7 37. Qc4 Rc7 38. Qd4 Bg7 39. Qb6 Rc3 40. Ke2 Nd7
41. Qxd6 Rxd3 42. Kxd3 Ne5+ 43. Ke2 f3+ 44. Kd1 Qc3 45. Qe6+ Kf8 46. Qd6+ Kg8
47. Qe6+ Kf8 48. d6 Nc6 49. Qc8+ Kf7 50. Qd7+ Kf8 51. Qc8+ Kf7 52. Qd7+ Kf8 53.
Qc8+ 1/2-1/2

[Event "Pardubice Open A"]
[Site "?"]
[Date "2015.07.25"]
[Round "2.9"]
[White "GRINBERG, Eyal"]
[Black "BURMAKIN, Vladimir"]
[Result "1/2-1/2"]
[WhiteElo "2387"]
[BlackElo "2571"]
[PlyCount "52"]
[EventDate "2015.??.??"]
[WhiteClock "0:17:50"]
[BlackClock "0:40:44"]

1. e4 c6 2. d4 d5 3. e5 Bf5 4. Nf3 e6 5. Be2 Ne7 6. O-O h6 7. Nbd2 Bh7 8. Nb3
Ng6 9. a4 Be7 10. a5 O-O 11. c4 Na6 12. cxd5 cxd5 13. Bxa6 bxa6 14. Qe2 Rb8 15.
Nc5 Bxc5 16. dxc5 Qc8 17. Be3 Ne7 18. Nd4 Nc6 19. Nxc6 Qxc6 20. Ra3 Rb4 21. Qd2
Rfb8 22. Bd4 Bg6 23. h3 Kf8 24. Rc1 Ke8 25. Qd1 R8b7 26. Kh2 Rb8 1/2-1/2

[Event "Pardubice Open A"]
[Site "?"]
[Date "2015.07.25"]
[Round "2.10"]
[White "JAKUBOWSKI, Krzysztof"]
[Black "OGANIAN, Miran"]
[Result "1-0"]
[WhiteElo "2565"]
[BlackElo "2370"]
[PlyCount "85"]
[EventDate "2015.??.??"]
[WhiteClock "0:55:16"]
[BlackClock "0:30:06"]

1. e4 c5 2. Nf3 Nc6 3. d4 cxd4 4. Nxd4 e5 5. Nb5 a6 6. Nd6+ Bxd6 7. Qxd6 Qe7 8.
Qd1 Nf6 9. Nc3 d6 10. Bg5 Be6 11. Bxf6 Qxf6 12. Qxd6 Rd8 13. Qc5 Qg5 14. Qe3
Qxe3+ 15. fxe3 Nb4 16. Rc1 Bxa2 17. b3 Rc8 18. Kd2 O-O 19. Nd5 Rfd8 20. Bd3
Nxd5 21. exd5 Rxd5 22. e4 Rd4 23. Rhe1 f5 24. Re3 Rd6 25. Rd1 fxe4 26. Rxe4 a5
27. Ke3 Rc3 28. Rc4 Rdxd3+ 29. Rxd3 Rxc4 30. bxc4 Bxc4 31. Rd8+ Kf7 32. Rd7+
Kf6 33. Rxb7 Bd5 34. Rb6+ Kf5 35. g3 a4 36. Ra6 h5 37. Rxa4 g5 38. c4 Bg2 39.
c5 Bf1 40. c6 Ke6 41. c7 Kd7 42. Ra5 h4 43. Rc5 1-0

[Event "Pardubice Open A"]
[Site "?"]
[Date "2015.07.25"]
[Round "2.11"]
[White "MUELLER, Ralf"]
[Black "MOZHAROV, Mikhail"]
[Result "0-1"]
[WhiteElo "2384"]
[BlackElo "2564"]
[PlyCount "124"]
[EventDate "2015.??.??"]
[WhiteClock "0:00:38"]
[BlackClock "0:29:37"]

1. d4 Nf6 2. Nf3 b6 3. g3 Bb7 4. Bg2 g6 5. c4 e6 6. O-O Bg7 7. Nc3 Ne4 8. d5
Nxc3 9. bxc3 O-O 10. Nd4 e5 11. Nb5 d6 12. a4 Nd7 13. a5 a6 14. Na3 Nc5 15. Rb1
Bc8 16. Nc2 Bd7 17. Nb4 e4 18. Nc6 Qe8 19. Nd4 b5 20. cxb5 axb5 21. Ba3 e3 22.
f4 Ne4 23. Qd3 Nd2 24. Bb4 Nxf1 25. Rxf1 Bxd4 26. Qxd4 Bg4 27. Re1 Qe7 28. h3
Bd7 29. Rc1 Rfb8 30. Rd1 Re8 31. Rc1 Qf8 32. Kh2 Qg7 33. Qd3 Rab8 34. Ra1 Bf5
35. Qd1 Ra8 36. Qh1 Qf6 37. Rd1 h5 38. Rd4 Ra6 39. Bf3 Rea8 40. Qc1 Qe7 41. Qa3
Kh7 42. Qa1 Re8 43. Qc1 Qf6 44. Qa1 Bd7 45. Qd1 c5 46. dxc6 Bxc6 47. Bxc6 Rxc6
48. Qd3 Rc4 49. Rxd6 Re6 50. Rxe6 Qxe6 51. h4 Rc7 52. Qxb5 Rd7 53. f5 gxf5 54.
Bc5 Rd1 55. Qb7 Re1 56. Qf3 Kg6 57. Bxe3 Qc4 58. Kh3 Qg4+ 59. Kg2 Rxe2+ 60. Bf2
Ra2 61. Qc6+ Kh7 62. Qd7 Qe4+ 0-1

[Event "Pardubice Open A"]
[Site "?"]
[Date "2015.07.25"]
[Round "2.12"]
[White "GHENG, Josef"]
[Black "STUPAK, Kirill"]
[Result "0-1"]
[WhiteElo "2376"]
[BlackElo "2547"]
[PlyCount "84"]
[EventDate "2015.??.??"]
[WhiteClock "0:02:15"]
[BlackClock "0:06:28"]

1. c4 g6 2. g3 Bg7 3. Bg2 c5 4. Nf3 Nf6 5. O-O d5 6. cxd5 Nxd5 7. Nc3 Nc6 8.
Nxd5 Qxd5 9. d3 Qd6 10. Bf4 e5 11. Be3 Bd7 12. Rc1 b6 13. Ng5 O-O 14. Ne4 Qc7
15. a3 a5 16. Nc3 Rab8 17. Bg5 Be6 18. Nd5 Qd6 19. Nf6+ Kh8 20. Ne4 Qd7 21. Bf6
Nd4 22. e3 Nb3 23. Rc3 a4 24. f4 exf4 25. Rxf4 Bf5 26. Qf3 Rbe8 27. Rh4 Bxe4
28. Qf4 Bxf6 29. Qxf6+ Kg8 30. Rxe4 b5 31. Kf2 Re6 32. Qg5 Rd6 33. Qh6 Rd8 34.
Rh4 f6 35. Bf1 g5 36. Re4 f5 37. Qxg5+ Rg6 38. Qxd8+ Qxd8 39. Rf4 Qd5 40. Bg2
Qe5 41. d4 cxd4 42. Rc8+ Kg7 0-1

[Event "Pardubice Open A"]
[Site "?"]
[Date "2015.07.25"]
[Round "2.13"]
[White "BORUCHOVSKY, Avital"]
[Black "NASUTA, Grzegorz"]
[Result "1/2-1/2"]
[WhiteElo "2539"]
[BlackElo "2365"]
[PlyCount "56"]
[EventDate "2015.??.??"]
[WhiteClock "0:01:52"]
[BlackClock "0:01:01"]

1. Nf3 Nf6 2. c4 c5 3. Nc3 Nc6 4. e3 e6 5. d4 d5 6. cxd5 Nxd5 7. Bb5 cxd4 8.
exd4 Nxc3 9. bxc3 Bd6 10. O-O O-O 11. Bd3 b6 12. Ng5 h6 13. Bh7+ Kh8 14. Be4
Bb7 15. Qh5 Qe8 16. Bf3 Na5 17. Bxb7 Nxb7 18. Re1 Kg8 19. Qf3 Qd7 20. Ne4 Be7
21. Bf4 Nd6 22. Bxd6 Bxd6 23. Rad1 Rad8 24. Rd3 Be7 25. Nd2 Bg5 26. Ne4 Qd5 27.
Nxg5 Qxg5 28. h3 Qd5 1/2-1/2

[Event "Pardubice Open A"]
[Site "?"]
[Date "2015.07.25"]
[Round "2.14"]
[White "VYSKOCIL, Neklan"]
[Black "PREDKE, Alexandr"]
[Result "0-1"]
[WhiteElo "2370"]
[BlackElo "2537"]
[PlyCount "92"]
[EventDate "2015.??.??"]
[WhiteClock "0:26:21"]
[BlackClock "0:15:28"]

1. d4 Nf6 2. Nf3 d5 3. e3 c6 4. h3 Bf5 5. Bd3 e6 6. O-O Nbd7 7. c4 Bd6 8. Nc3
Bxd3 9. Qxd3 dxc4 10. Qxc4 e5 11. e4 O-O 12. Be3 exd4 13. Bxd4 Qc7 14. Rac1 a6
15. a4 Rfe8 16. Rfe1 Bf4 17. Rcd1 b5 18. Qb3 Rab8 19. axb5 axb5 20. Qc2 Ne5 21.
Bxe5 Bxe5 22. Nxe5 Qxe5 23. Re3 Red8 24. b3 h6 25. g3 Qc5 26. Qe2 Rxd1+ 27.
Qxd1 Re8 28. Qd3 Nh7 29. Kg2 Nf8 30. f4 Ne6 31. Ne2 Qa7 32. Qd2 c5 33. h4 c4
34. bxc4 bxc4 35. Rc3 Nc5 36. Rxc4 Nxe4 37. Qd4 Qa2 38. Qd3 Nd2 39. Rc2 Rxe2+
40. Kh3 Qe6+ 41. f5 Qe5 42. Rxd2 Re3 43. Qd8+ Kh7 44. Rg2 Qxf5+ 45. Kh2 Re1 46.
Rd2 Qe4 0-1

[Event "Pardubice Open A"]
[Site "?"]
[Date "2015.07.25"]
[Round "2.15"]
[White "PAP, Gyula"]
[Black "SZOTKOWSKI, Jakub"]
[Result "1-0"]
[WhiteElo "2536"]
[BlackElo "2356"]
[PlyCount "89"]
[EventDate "2015.??.??"]
[WhiteClock "0:01:56"]
[BlackClock "0:01:53"]

1. d4 Nf6 2. Nf3 c5 3. c3 cxd4 4. cxd4 d5 5. Nc3 Nc6 6. Bf4 Bf5 7. e3 e6 8. Bb5
Bd6 9. Ne5 O-O 10. Bxc6 bxc6 11. Nxc6 Qd7 12. Bxd6 Qxd6 13. Qa4 a5 14. O-O Ng4
15. Ne5 Nxe5 16. dxe5 Qxe5 17. Rac1 Rfc8 18. Qd4 Qxd4 19. exd4 Rc4 20. Rfd1
Rac8 21. Ne2 Bc2 22. Rd2 Kf8 23. f3 Ke7 24. Re1 Rb8 25. Nc3 Bg6 26. Nxd5+ Kd6
27. Ne3 Rc7 28. b3 a4 29. d5 exd5 30. Rxd5+ Kc6 31. bxa4 Rb2 32. Rc1+ Kb7 33.
Rb5+ Rxb5 34. Rxc7+ Kxc7 35. axb5 f6 36. Nd5+ Kb7 37. a4 Bf7 38. Nc3 Kb6 39.
Kf2 Kc5 40. Ke3 Be8 41. Ne4+ Kd5 42. Kd3 f5 43. Nd2 Kc5 44. Kc3 Bf7 45. Nb3+
1-0

[Event "Pardubice Open A"]
[Site "?"]
[Date "2015.07.25"]
[Round "2.16"]
[White "SKLIAROV, Viktor"]
[Black "CHERNYSHOV, Konstantin"]
[Result "1-0"]
[WhiteElo "2368"]
[BlackElo "2529"]
[PlyCount "107"]
[EventDate "2015.??.??"]
[WhiteClock "0:23:37"]
[BlackClock "0:12:24"]

1. e4 c5 2. Nf3 Nc6 3. Bb5 g6 4. O-O Bg7 5. Re1 Nd4 6. Nxd4 cxd4 7. c3 e6 8.
Qa4 a6 9. Na3 Ne7 10. Nc2 Rb8 11. Bf1 b5 12. Qa3 f5 13. Nxd4 fxe4 14. d3 b4 15.
Qa4 O-O 16. dxe4 h6 17. Be3 bxc3 18. bxc3 Qc7 19. Qa3 d5 20. Bd3 Kh7 21. Rab1
Rxb1 22. Rxb1 dxe4 23. Bxe4 Nf5 24. Qb3 Qe5 25. Qc2 Qf6 26. Qe2 Qh4 27. Bb7 e5
28. Nf3 Qa4 29. Bd5 Rd8 30. c4 Nd4 31. Qd2 Nxf3+ 32. gxf3 Bh3 33. Rb7 h5 34.
Bg5 Rd7 35. Rxd7 Qxd7 36. Be4 Qe6 37. Qd5 Bf8 38. Qxe6 Bxe6 39. Bd5 Bxd5 40.
cxd5 Kg7 41. Kf1 Kf7 42. Ke2 Bc5 43. Bh4 Be7 44. Bxe7 Kxe7 45. Kd3 Kd6 46. Ke4
h4 47. h3 a5 48. f4 exf4 49. Kxf4 Kxd5 50. Kg5 Ke4 51. Kxg6 a4 52. Kg5 Kf3 53.
Kxh4 a3 54. Kg5 1-0

[Event "Pardubice Open A"]
[Site "?"]
[Date "2015.07.25"]
[Round "2.17"]
[White "KRYAKVIN, Dmitry"]
[Black "NGUYEN, Thai Dai Van"]
[Result "1/2-1/2"]
[WhiteElo "2529"]
[BlackElo "2349"]
[PlyCount "147"]
[EventDate "2015.??.??"]
[WhiteClock "0:21:34"]
[BlackClock "0:08:37"]

1. d4 d5 2. c4 e6 3. Nc3 Be7 4. Nf3 Nf6 5. Bg5 O-O 6. e3 h6 7. Bxf6 Bxf6 8. Qc2
b6 9. Rd1 Bb7 10. cxd5 exd5 11. Bd3 Nd7 12. O-O Be7 13. Qa4 c6 14. Rfe1 Nf6 15.
Ne5 c5 16. Ba6 Qc8 17. Bxb7 Qxb7 18. Qc6 Rab8 19. dxc5 bxc5 20. Qxb7 Rxb7 21.
Nc6 Re8 22. Re2 Rb6 23. Nxe7+ Rxe7 24. Nxd5 Nxd5 25. Rxd5 Reb7 26. b3 c4 27. g3
cxb3 28. axb3 Rxb3 29. Ra2 Rc3 30. Rda5 Rcc7 31. Kg2 g6 32. g4 Kg7 33. Kg3 Rd7
34. Ra6 Re7 35. R2a4 Red7 36. h4 Rdc7 37. R6a5 Rd7 38. h5 g5 39. Ra6 Rb2 40.
R4a5 Rbb7 41. Ra2 Re7 42. Kf3 Rec7 43. R6a5 Re7 44. R2a4 Rec7 45. Rd4 Rb6 46.
Ra2 a6 47. Rd8 Rf6+ 48. Kg3 Rc1 49. Rd4 Rg1+ 50. Kh2 Rc1 51. Kg2 Rfc6 52. Rda4
R1c4 53. Rxc4 Rxc4 54. Kg3 Rc6 55. Ra3 Rb6 56. f4 f6 57. Kf3 gxf4 58. Kxf4 Kf7
59. Rc3 Ke6 60. Rc7 a5 61. Rh7 a4 62. Ra7 Rb4+ 63. e4 Rc4 64. Ra6+ Kf7 65. Kf5
Rc5+ 66. e5 Rxe5+ 67. Kf4 Re1 68. Ra7+ Ke6 69. Rxa4 Rf1+ 70. Ke4 Re1+ 71. Kf3
Rf1+ 72. Ke2 Rb1 73. Ra7 Ke5 74. Rg7 1/2-1/2

[Event "Pardubice Open A"]
[Site "?"]
[Date "2015.07.25"]
[Round "2.18"]
[White "BILGUUN, Sumiya"]
[Black "GHOSH, Diptayan"]
[Result "1/2-1/2"]
[WhiteElo "2361"]
[BlackElo "2523"]
[PlyCount "81"]
[EventDate "2015.??.??"]
[WhiteClock "0:09:57"]
[BlackClock "0:25:21"]

1. e4 e5 2. Nf3 Nc6 3. Bc4 Nf6 4. d3 Be7 5. O-O O-O 6. Re1 d6 7. c3 Na5 8. Bb5
a6 9. Ba4 b5 10. Bc2 c5 11. Nbd2 Nc6 12. Nf1 Re8 13. h3 h6 14. d4 cxd4 15. cxd4
exd4 16. Nxd4 Nxd4 17. Qxd4 Be6 18. Bf4 Rc8 19. Bb3 d5 20. exd5 Bxd5 21. Bxd5
Qxd5 22. Be5 Bc5 23. Qxd5 Nxd5 24. Rad1 Nb6 25. b3 f6 26. Bc3 Red8 27. Ba5 Rxd1
28. Rxd1 Rc6 29. Ng3 Nc8 30. Nf5 Ne7 31. Nxe7+ Bxe7 32. Kf1 Kf7 33. Ke2 Ke6 34.
Kd3 Bc5 35. Rc1 Kd5 36. f3 Re6 37. Bd2 f5 38. Re1 Rxe1 39. Bxe1 h5 40. Bc3 g6
41. Bb2 {Ke5 Ke4+} 1/2-1/2

[Event "Pardubice Open A"]
[Site "?"]
[Date "2015.07.25"]
[Round "2.19"]
[White "POPILSKI, Gil"]
[Black "SPALIR, Jernej"]
[Result "1-0"]
[WhiteElo "2519"]
[BlackElo "2346"]
[PlyCount "69"]
[EventDate "2015.??.??"]
[WhiteClock "0:40:15"]
[BlackClock "0:05:26"]

1. c4 c5 2. Nf3 Nc6 3. d4 cxd4 4. Nxd4 g6 5. Nc2 Bg7 6. e4 Nf6 7. Nc3 d6 8. Be2
O-O 9. O-O a5 10. Be3 Nd7 11. Qd2 Nc5 12. f3 Be6 13. Kh1 Kh8 14. Rad1 f5 15.
exf5 Rxf5 16. Rfe1 Bg8 17. f4 Rf8 18. b3 Be6 19. Bf3 Qc8 20. Nd5 Rb8 21. Bf2
Bg4 22. Nb6 Qc7 23. Nd5 Qc8 24. Bxg4 Qxg4 25. h3 Qf5 26. Nd4 Nxd4 27. Bxd4 e5
28. fxe5 Ne6 29. Ba7 Ra8 30. exd6 Rxa7 31. Qe3 Ng5 32. Ne7 Qf2 33. Qxf2 Rxf2
34. d7 Nf7 35. Nc8 1-0

[Event "Pardubice Open A"]
[Site "?"]
[Date "2015.07.25"]
[Round "2.20"]
[White "NUN, Jiri"]
[Black "CVEK, Robert"]
[Result "1/2-1/2"]
[WhiteElo "2355"]
[BlackElo "2517"]
[PlyCount "106"]
[EventDate "2015.??.??"]
[WhiteClock "0:08:40"]
[BlackClock "0:07:48"]

1. e4 c5 2. Nf3 e6 3. d3 Nc6 4. g3 g6 5. Bg2 Bg7 6. O-O Nge7 7. c3 O-O 8. Be3
b6 9. d4 cxd4 10. Nxd4 Bb7 11. Nxc6 Bxc6 12. f4 Qc7 13. Qe2 Rad8 14. Nd2 f5 15.
e5 Bxg2 16. Qxg2 d6 17. exd6 Rxd6 18. Nf3 Nc6 19. Rad1 Rfd8 20. Qe2 Qd7 21.
Rxd6 Qxd6 22. Re1 Bf6 23. a3 Kf7 24. Bf2 h6 25. h4 Qd5 26. c4 Qe4 27. Qxe4 fxe4
28. Rxe4 Bxb2 29. a4 Rd1+ 30. Kg2 Rc1 31. g4 Na5 32. Bd4 Nxc4 33. Bxb2 Nxb2 34.
g5 h5 35. Ne5+ Kg7 36. Rb4 Nd1 37. a5 Ne3+ 38. Kf2 Nd5 39. Rb2 bxa5 40. Rb5 Rc7
41. Rxa5 Nxf4 42. Ra6 Re7 43. Kf3 Nd5 44. Ke4 Nb4 45. Ra4 Rb7 46. Kd4 Nd5 47.
Kc5 Ne7 48. Kd6 Nf5+ 49. Kxe6 Rb6+ 50. Kd7 Rd6+ 51. Kc7 Rd4 52. Rxa7 Nxh4 53.
Kb6+ Kg8 1/2-1/2

[Event "Pardubice Open A"]
[Site "?"]
[Date "2015.07.25"]
[Round "2.21"]
[White "PECHAC, Jergus"]
[Black "KRENSING, Jan"]
[Result "1-0"]
[WhiteElo "2511"]
[BlackElo "2344"]
[PlyCount "87"]
[EventDate "2015.??.??"]
[WhiteClock "0:22:31"]
[BlackClock "0:20:58"]

1. e4 c5 2. Nf3 Nc6 3. Bb5 g6 4. Bxc6 bxc6 5. O-O Bg7 6. Re1 Nh6 7. h3 f6 8. b3
O-O 9. Nc3 d6 10. Bb2 e5 11. Ne2 f5 12. Ng3 f4 13. Nf1 g5 14. N3h2 Rf6 15. c3
Rg6 16. f3 c4 17. Kh1 cxb3 18. axb3 Nf7 19. d4 h5 20. g4 fxg3 21. Nxg3 Rh6 22.
Kg2 Be6 23. d5 cxd5 24. exd5 Bd7 25. Ne4 Rg6 26. Rg1 Qc8 27. h4 gxh4+ 28. Kh1
Bf5 29. Qd3 Ng5 30. Qe3 Nh3 31. Nxd6 Rxd6 32. Rxg7+ Kxg7 33. Qxe5+ Kh7 34. Qe7+
Kg8 35. Qxd6 Qe8 36. Qf6 Qe2 37. Qxf5 Qxb2 38. Qg6+ Kf8 39. Qf5+ Kg8 40. Qg6+
Kf8 41. Qf5+ Kg8 42. Re1 Qf2 43. Qg6+ Kf8 44. Re6 1-0

[Event "Pardubice Open A"]
[Site "?"]
[Date "2015.07.25"]
[Round "2.22"]
[White "GUTENEV, Alexander"]
[Black "KREJCI, Jan"]
[Result "0-1"]
[WhiteElo "2349"]
[BlackElo "2500"]
[PlyCount "98"]
[EventDate "2015.??.??"]
[WhiteClock "0:02:11"]
[BlackClock "0:57:38"]

1. e4 c5 2. Nf3 e6 3. d4 cxd4 4. Nxd4 Nc6 5. Nc3 Qc7 6. Be2 a6 7. O-O Nf6 8.
Be3 Bb4 9. Na4 O-O 10. Nxc6 bxc6 11. Nb6 Rb8 12. Nxc8 Rfxc8 13. Bxa6 Rf8 14.
Bd3 Bd6 15. f4 e5 16. b3 exf4 17. Bd4 f3 18. e5 Ng4 19. Qxf3 Nxe5 20. Bxe5 Bxe5
21. Qh3 g6 22. Rae1 d5 23. a4 c5 24. Bb5 Rfd8 25. Re2 Kg7 26. Kh1 c4 27. Rfe1
f6 28. Qf3 Rbc8 29. g3 Qa7 30. Kg2 h5 31. Rd1 cxb3 32. cxb3 Rc3 33. Rd3 Rc1 34.
Qe3 Qc7 35. Re1 Rc2+ 36. Re2 Rc1 37. Re1 Qc2+ 38. Qf2 h4 39. Rd2 Qc8 40. Rxc1
h3+ 41. Kf1 Qxc1+ 42. Ke2 Bc3 43. Rd3 d4 44. Qf1 Qc2+ 45. Kf3 Qxh2 46. Qe2 Qh1+
47. Kg4 h2 48. Rd1 Qb7 49. Bd3 Rh8 0-1

[Event "Pardubice Open A"]
[Site "?"]
[Date "2015.07.25"]
[Round "2.23"]
[White "RAZNIKOV, Danny"]
[Black "SANDERS, Isaac B"]
[Result "1/2-1/2"]
[WhiteElo "2500"]
[BlackElo "2338"]
[PlyCount "118"]
[EventDate "2015.??.??"]
[WhiteClock "0:01:18"]
[BlackClock "0:04:25"]

1. d4 d5 2. c4 c6 3. cxd5 cxd5 4. Bf4 Nf6 5. Nc3 e6 6. e3 Be7 7. Bd3 a6 8. Nf3
Nbd7 9. h3 b5 10. O-O Bb7 11. a4 b4 12. Nb1 a5 13. Nbd2 O-O 14. Rc1 Rc8 15.
Rxc8 Qxc8 16. Nb3 Qa8 17. Qe2 Rc8 18. Rc1 Rxc1+ 19. Nxc1 Qc8 20. Nb3 Bd8 21.
Bb5 Bb6 22. Ne1 Ne8 23. Nd3 Nc7 24. Bxd7 Qxd7 25. Ndc5 Qc6 26. Bxc7 Bxc7 27.
Nxb7 Qxb7 28. Nc5 Qc8 29. Qb5 Kf8 30. Kf1 Bd8 31. Ke2 Qc7 32. Kd2 Ke7 33. g3 g6
34. h4 Qa7 35. Qc6 Qc7 36. Qb5 Qa7 37. Qc6 Qc7 38. Qa8 Qb6 39. Qc8 Qc7 40. Qa8
Qb6 41. Kc2 Bc7 42. Qc8 Bd6 43. Qd7+ Kf6 44. Qb5 Qc7 45. Kd1 Bxc5 46. dxc5 Ke7
47. Ke1 e5 48. g4 d4 49. Qb6 Qd7 50. g5 Qf5 51. Qd6+ Ke8 52. c6 Qb1+ 53. Ke2
Qc2+ 54. Kf3 Qf5+ 55. Kg3 e4 56. Qb8+ Ke7 57. Qc7+ Ke8 58. Qb8+ Ke7 59. Qc7+
Ke8 1/2-1/2

[Event "Pardubice Open A"]
[Site "?"]
[Date "2015.07.25"]
[Round "2.24"]
[White "SORM, Daniel"]
[Black "POETSCH, Hagen"]
[Result "0-1"]
[WhiteElo "2347"]
[BlackElo "2498"]
[PlyCount "70"]
[EventDate "2015.??.??"]
[WhiteClock "0:01:17"]
[BlackClock "0:10:22"]

1. d4 e6 2. c4 Nf6 3. Nc3 Bb4 4. e3 b6 5. Nge2 Ne4 6. f3 Nxc3 7. bxc3 Ba5 8.
Bd2 c5 9. Nc1 cxd4 10. exd4 O-O 11. Nb3 Nc6 12. Bd3 Ba6 13. Qc2 Qh4+ 14. g3 Qh3
15. Kf2 Rac8 16. Rae1 Qh5 17. Re4 f5 18. Rh4 Qf7 19. g4 Ne7 20. Nxa5 Ng6 21.
Rh3 fxg4 22. Rg3 bxa5 23. h3 Bxc4 24. hxg4 Bxd3 25. Qxd3 Rb8 26. Bc1 e5 27.
Rgh3 h6 28. Bxh6 Rb2+ 29. Kg1 Qxa2 30. Bd2 Rxd2 31. Rh8+ Nxh8 32. Qh7+ Kf7 33.
Qf5+ Ke8 34. Qxe5+ Qe6 35. Qh5+ g6 0-1

[Event "Pardubice Open A"]
[Site "?"]
[Date "2015.07.25"]
[Round "2.25"]
[White "KONGUVEL, Ponnuswamy"]
[Black "HABA, Petr"]
[Result "1/2-1/2"]
[WhiteElo "2337"]
[BlackElo "2488"]
[PlyCount "110"]
[EventDate "2015.??.??"]
[WhiteClock "0:15:29"]
[BlackClock "0:12:32"]

1. e4 e6 2. d4 d5 3. Nc3 Bb4 4. e5 c5 5. a3 Bxc3+ 6. bxc3 Ne7 7. Qg4 O-O 8. Bd3
f5 9. exf6 Rxf6 10. Bg5 Rf7 11. Qh5 g6 12. Qd1 Qa5 13. Bd2 Nd7 14. Nf3 c4 15.
Be2 Nc6 16. Ng5 Re7 17. f4 Nf6 18. O-O Bd7 19. Bf3 Qa4 20. Be1 h6 21. Nh3 Rf7
22. Bh4 Raf8 23. Nf2 Kg7 24. Qd2 Ng8 25. Nh3 Nce7 26. g4 Qa5 27. Qe3 Kh7 28.
Be2 Nc8 29. Bg3 Nf6 30. g5 Ne4 31. gxh6 Qxc3 32. Ng5+ Kxh6 33. Nxf7+ Rxf7 34.
Qxc3 Nxc3 35. Bg4 Nd6 36. Be1 Nce4 37. Bb4 Nf5 38. Bxf5 exf5 39. a4 g5 40. Kg2
g4 41. a5 a6 42. Rfe1 Kg6 43. Re3 Rh7 44. Rb1 Bb5 45. Rbe1 Ba4 46. Rc1 Rc7 47.
Ra3 Bb5 48. Re1 Kf6 49. c3 Rh7 50. Re3 Kf7 51. Ra2 Rh6 52. Ra1 Bd7 53. Ra2 Bb5
54. Ra1 Bd7 55. Ra2 Bb5 1/2-1/2

[Event "Pardubice Open A"]
[Site "?"]
[Date "2015.07.25"]
[Round "2.26"]
[White "TESKE, Henrik"]
[Black "RUFF, Maximilian"]
[Result "1-0"]
[WhiteElo "2475"]
[BlackElo "2336"]
[PlyCount "89"]
[EventDate "2015.??.??"]
[WhiteClock "0:30:12"]
[BlackClock "0:21:06"]

1. d4 Nf6 2. c4 c5 3. Nf3 cxd4 4. Nxd4 b6 5. Nc3 Bb7 6. f3 e6 7. e4 d6 8. Be3
Be7 9. Be2 O-O 10. O-O a6 11. Qd2 Qc7 12. Rfc1 Nbd7 13. a4 Ne5 14. a5 bxa5 15.
Nb3 Rab8 16. Nxa5 Ba8 17. Kh1 Rfd8 18. Bd4 Rd7 19. b4 Qd8 20. b5 axb5 21. cxb5
Rc8 22. b6 Nc6 23. Nxc6 Bxc6 24. Nb5 Bb7 25. Na7 Rxc1+ 26. Qxc1 e5 27. Nc6 Qe8
28. Bf2 d5 29. Nxe5 Rd8 30. Ra7 Rc8 31. Qd1 Bd6 32. Nd3 dxe4 33. Rxb7 exd3 34.
Qxd3 Rc1+ 35. Bf1 g6 36. g3 Qc6 37. Ra7 Ng4 38. Bd4 Qd5 39. Kg2 Ne5 40. Qe4
Rc2+ 41. Qxc2 Nxf3 42. Qc8+ Bf8 43. Qc4 Nh4+ 44. Kg1 Nf3+ 45. Kh1 1-0

[Event "Pardubice Open A"]
[Site "?"]
[Date "2015.07.25"]
[Round "2.27"]
[White "TATE, Alan"]
[Black "YUFFA, Daniil"]
[Result "1/2-1/2"]
[WhiteElo "2335"]
[BlackElo "2474"]
[PlyCount "86"]
[EventDate "2015.??.??"]
[WhiteClock "0:31:36"]
[BlackClock "0:36:26"]

1. e4 c6 2. d4 d5 3. e5 Bf5 4. h4 h5 5. Bd3 Bxd3 6. Qxd3 e6 7. Bg5 Qb6 8. Nd2
Qa6 9. c4 Bb4 10. b3 Ne7 11. Ne2 Nf5 12. Ng3 dxc4 13. bxc4 Nxg3 14. fxg3 Bxd2+
15. Qxd2 Qxc4 16. Rb1 O-O 17. Be7 Re8 18. Rxb7 Qa6 19. Bf6 Qxb7 20. O-O Qd7 21.
Kh2 Qe7 22. Bxe7 Rxe7 23. Qg5 Rd7 24. g4 Na6 25. gxh5 Kh7 26. Qe3 Nb4 27. Qe4+
Kh8 28. h6 g6 29. a3 Nd5 30. Rc1 Rc7 31. g4 Rb8 32. Rc2 Rb3 33. Rf2 Rcb7 34. h5
g5 35. Qc2 Nf4 36. Qxc6 Rh3+ 37. Kg1 Rg3+ 38. Kh2 Rh3+ 39. Kg1 Rb1+ 40. Rf1
Rg3+ 41. Kh2 Rh3+ 42. Kg1 Rg3+ 43. Kh2 Rh3+ 1/2-1/2

[Event "Pardubice Open A"]
[Site "?"]
[Date "2015.07.25"]
[Round "2.28"]
[White "NEUMAN, Petr"]
[Black "SYLVAN, Jacob"]
[Result "1/2-1/2"]
[WhiteElo "2470"]
[BlackElo "2320"]
[PlyCount "92"]
[EventDate "2015.??.??"]
[WhiteClock "0:32:53"]
[BlackClock "0:20:48"]

1. e4 g6 2. d4 Bg7 3. c4 d6 4. Nc3 Nf6 5. Nf3 O-O 6. Be2 e5 7. Be3 exd4 8. Nxd4
Re8 9. f3 c6 10. Qd2 d5 11. exd5 cxd5 12. O-O Nc6 13. c5 Rxe3 14. Qxe3 Qf8 15.
Nxc6 bxc6 16. Rad1 Rb8 17. Na4 Nh5 18. Rfe1 Rb4 19. b3 Be6 20. Bf1 Qb8 21. Qf2
Bf6 22. g3 Ng7 23. Kh1 h5 24. Nb2 Nf5 25. Nd3 Rd4 26. Bh3 Nxg3+ 27. Qxg3 Qxg3
28. hxg3 Bxh3 29. Nf4 Rxd1 30. Rxd1 Bf5 31. Ne2 h4 32. Nd4 Bd7 33. b4 hxg3 34.
b5 cxb5 35. c6 Bh3 36. f4 Bd8 37. Rd3 Bf1 38. Rxg3 Kf8 39. a4 bxa4 40. Ra3 Bb6
41. Rxa4 Bc4 42. Ra1 Ke7 43. Nf3 Kd6 44. Ne5 f6 45. Nxc4+ dxc4 46. Rc1 Kxc6
1/2-1/2

[Event "Pardubice Open A"]
[Site "?"]
[Date "2015.07.25"]
[Round "2.29"]
[White "KOTLYAR, Kirill"]
[Black "GUTMAN, Gennadi"]
[Result "1/2-1/2"]
[WhiteElo "2330"]
[BlackElo "2468"]
[PlyCount "61"]
[EventDate "2015.??.??"]
[WhiteClock "0:35:09"]
[BlackClock "0:17:37"]

1. d4 e6 2. Nf3 c5 3. g3 Nc6 4. Bg2 cxd4 5. Nxd4 Qb6 6. Nb3 d5 7. O-O Nf6 8. c4
dxc4 9. N3d2 Qc5 10. Nc3 Bd7 11. Nde4 Nxe4 12. Nxe4 Qd4 13. Be3 Qxd1 14. Rfxd1
Nb4 15. Rac1 c3 16. bxc3 Nd5 17. Bc5 Bc6 18. Bxf8 Kxf8 19. Nd6 Ke7 20. Nxb7
Bxb7 21. c4 Nb4 22. Bxb7 Rab8 23. Bf3 Nxa2 24. Ra1 Rb2 25. c5 Rd8 26. c6 Rc2
27. Rxd8 Kxd8 28. Rd1+ Ke8 29. Rd7 Nb4 30. Rxa7 Nxc6 31. Bxc6+ 1/2-1/2

[Event "Pardubice Open A"]
[Site "?"]
[Date "2015.07.25"]
[Round "2.30"]
[White "NARAYANAN, Srinath"]
[Black "RJABZEV, Konstantin"]
[Result "1-0"]
[WhiteElo "2464"]
[BlackElo "2314"]
[PlyCount "55"]
[EventDate "2015.??.??"]
[WhiteClock "0:30:30"]
[BlackClock "0:47:17"]

1. e4 e5 2. Nf3 Nc6 3. Bb5 a6 4. Ba4 Nge7 5. c3 g6 6. d4 exd4 7. cxd4 b5 8. Bc2
Bg7 9. d5 Na5 10. Bd2 Bxb2 11. Bxa5 Bxa1 12. Nc3 Bb2 13. d6 Nc6 14. Nd5 O-O 15.
dxc7 Qe8 16. Bd2 Bg7 17. O-O d6 18. Bf4 Bg4 19. Bxd6 Nd4 20. e5 Nxf3+ 21. gxf3
Be6 22. Be4 Bxd5 23. Bxd5 Rc8 24. Bb7 Qe6 25. Bxf8 Rxc7 26. Bxg7 Kxg7 27. Qd5
Qb6 28. Ba8 1-0

[Event "Pardubice Open A"]
[Site "?"]
[Date "2015.07.25"]
[Round "2.31"]
[White "SMOLKOV, Igor"]
[Black "BRYZGALIN, Kirill"]
[Result "1/2-1/2"]
[WhiteElo "2328"]
[BlackElo "2459"]
[PlyCount "71"]
[EventDate "2015.??.??"]
[WhiteClock "0:07:48"]
[BlackClock "0:04:06"]

1. e4 e5 2. Nf3 Nc6 3. Bb5 a6 4. Ba4 Nge7 5. O-O g6 6. c3 Bg7 7. d3 O-O 8. Ne1
f5 9. f4 d6 10. Nf3 fxe4 11. Bb3+ Kh8 12. dxe4 exf4 13. Ng5 h6 14. Nf7+ Rxf7
15. Bxf7 g5 16. Nd2 Ne5 17. Bh5 N7c6 18. Nf3 Nxf3+ 19. Bxf3 Ne5 20. Be2 Bd7 21.
g3 fxg3 22. hxg3 Bc6 23. Bf3 Nxf3+ 24. Qxf3 Qe7 25. Be3 Rf8 26. Qg4 Rxf1+ 27.
Rxf1 Bxe4 28. Re1 d5 29. Bd4 Bxd4+ 30. cxd4 Kg7 31. Qc8 c6 32. a3 a5 33. Re2
Qf7 34. Rf2 Qe7 35. Kh2 Bf3 36. Rxf3 1/2-1/2